000 00396nam a2200157Ia 4500
005 20240719033755.0
008 240331s9999 xx 000 0 und d
082 _a282
_bPER
100 _aPerera, L
245 0 _aCan They Rise? :
_ba challenge to the Laity today
260 _a Colombo
_bCentre for society
_c1988
300 _a155 p .,
650 _aReligious
650 _aPractical
942 _cL
999 _c826
_d826